000 00913 a2200265 4500
001 86210
003 NUST
005 20250717130713.0
008 170519b xxu||||| |||| 00| 0 eng d
040 _cNUST
041 _hurdu
082 _a891.4392
_bFAR
100 _aHaider, Quraat -ul- Ain
_91051
245 _aQurat-ul-Ain Haider Ke Be Misaal Afsanay
_ccompiled by Tahir Mansor Farooqi
250 _a1st
260 _aLahore
_bAl Ahmad Publications
_c2008
300 _a351p.
500 _aGeneral Collection
546 _aIn Urdu
650 _aUrdu Literature
_9347
880 _aقرۃ العین حیدر کے بےمثال افسانے
_6245-02\(3\r
_cقرۃ العین حیدر، ترتیب وانتخاب: طاہر منصور فاروقی
880 _aقرۃ العین حیدر
_6100-01\(3\r
880 _aلاہور:
_6260-03\(3\r
_bالحمد پبلی کیشنز،
_c2008
942 _cBK
_2ddc
999 _c329749
_d329749